000 00607cam a22002053a 4500
001 42354
003 PGUSA
005 20140828083947.0
008 130317s2013||||xxu|||||s|||||000 | eng d
040 _aPGUSA
_beng
042 _adc
100 1 _aDods, Marcus,
_d1834-1909
245 1 4 _aThe Expositor's Bible :
_bThe First Epistle to the Corinthians
_h[electronic resource] /
_cMarcus Dods
260 _bProject Gutenberg,
_c2013
506 _aPublic domain in the USA.
516 _aElectronic text
830 0 _aProject Gutenberg
_v42354
856 4 0 _uhttp://www.gutenberg.org/ebooks/42354
942 _cEB
999 _c271606
_d271606